LEADER 01364nam a2200301 i 4500 001 000000348182 003 CaOOAMICUS 005 20211015123053.0 008 211015s2021 it u000 u ita u 013 $a236003 020 $a978-88-343-4579-5 040 $aSeMil$bita 100 1 $aBiancu, Stefano,$d<1978- >.$0(OLS)http://semarc/name/59029 245 13$aLa genealogia dell'umano :$buna filosofia dell'autoritą /$cStefano Biancu ; prefazione di Virgilio Melchiorre. 264 1$aMilano :$bVP, Vita e pensiero,$c2021. 300 $a191 p. ;$c22 cm. 490 1 $aFilosofia morale ;$v51 504 $aBibliografia, p. 173-186 650 4$aAutoritą e libertą.$0(OLS)http://semarc/subject/51095 650 4$aAutoritą - Aspetti filosofici.$0(OLS)http://semarc/subject/51094 700 1 $aMelchiorre, Virgilio,$d<1931- >.$0(OLS)http://semarc/name/2878 830 0$aFilosofia morale ;$v51.$0(OLS)http://semarc/title/572 850 $aSeMil 852 $aSeMil$W1$xVenegono$y1$m2NA K 51$j256885$B239221$CSeMilBibl$Z2$F239221 $81 996 $6020$a978-88-343-4579-5$9(OLS)http://semarc/number/294344 996 $6245$aLa genealogia dell'umano :$buna filosofia dell'autoritą$9(OLS)http://semarc/title/437515 996 $6264$aMilano :$bVP, Vita e pensiero$9(OLS)http://semarc/publisher/39599 LEADER 01029nam a2200277 i 4500 001 000000041068 003 CaOOAMICUS 005 20120317000000.0 008 120317s1994 it u000 u ita u 013 $a12238 040 $aSeMil$bita 100 1 $aBoylan, Eugene.$0(OLS)http://semarc/name/20161 240 10$aThis tremendous Lover.$0(OLS)http://semarc/title/59286 245 10$aQuesto tremendo amore /$cEugene Boylan. 250 $a2. edizione. 260 $aMilano :$bAres,$ccopyr. 1994. 300 $a366 p. ;$c21 cm. 490 0 $aEmmaus. Nuova serie 500 $aDono di mons. Antonio Rimoldi. 650 4$aSpiritualitą.$0(OLS)http://semarc/subject/5428 830 0$aEmmaus. Nuova serie.$0(OLS)http://semarc/title/10128 850 $aSeMil 852 $aSeMil$W1$xVenegono$y1$m2C IV 277$j7223$B7223$CSeMilBibl$Z2$F7223 $81 961 $aOmaggio: Rimoldi mons. Antonio 996 $6245$aQuesto tremendo amore$9(OLS)http://semarc/title/59285 996 $6260$aMilano :$bAres$9(OLS)http://semarc/publisher/30250